MARC details
| 000 -CABECERA |
| campo de control de longitud fija |
01042nas a2200253 i 4500 |
| 005 - FECHA Y HORA DE LA ÚLTIMA TRANSACCIÓN |
| campo de control |
20260302104335.0 |
| 007 - CAMPO FIJO DE DESCRIPCIÓN FÍSICA--INFORMACIÓN GENERAL |
| campo de control de longitud fija |
ta |
| 008 - DATOS DE LONGITUD FIJA--INFORMACIÓN GENERAL |
| campo de control de longitud fija |
260302e1970 dr u p|ro || |ospa || | |
| 011 ## - ENLACE DEL NUMERO DE CONTROL DE LA BIBLIOTECA DEL CONGRESO [OBSOLETO] |
| Número de control de LC |
|
| 040 ## - FUENTE DE LA CATALOGACIÓN |
| Centro catalogador/agencia de origen |
DO-SdBNP |
| Lengua de catalogación |
spa |
| Centro/agencia transcriptor |
BNPHU |
| Normas de descripción |
rda |
| 041 ## - CÓDIGO DE LENGUA |
| Código de lengua original |
spa |
| 110 ## - ENTRADA PRINCIPAL--NOMBRE DE ENTIDAD CORPORATIVA |
| Nombre de entidad corporativa o nombre de jurisdicción como elemento de entrada |
Secretario Técnico de la Presidencia |
| Unidad subordinada |
Oficina Nacional de Estadística |
| 9 (RLIN) |
89092 |
| 245 ## - MENCIÓN DE TÍTULO |
| Título |
Accidentes del trabajo 1969-1970 / |
| Mención de responsabilidad, etc. |
Secretario Técnico de la Presidencia. |
| 264 ## - PRODUCCIÓN, PUBLICACIÓN, DISTRIBUCIÓN, FABRICACIÓN Y COPYRIGHT |
| Producción, publicación, distribución, fabricación y copyright |
Santo Domingo, República Dominicana : |
| Nombre del de productor, editor, distribuidor, fabricante |
Secretario Técnico de la Presidencia. |
| Fecha de producción, publicación, distribución, fabricación o copyright |
1970. |
| 300 ## - DESCRIPCIÓN FÍSICA |
| Extensión |
volumen : |
| Otras características físicas |
ilustraciones, tablas ; |
| Dimensiones |
27.5 cm. |
| 310 ## - PERIODICIDAD ACTUAL |
| Periodicidad actual |
Anual. |
| 336 ## - TIPO DE CONTENIDO |
| Término de tipo de contenido |
texto |
| Código de tipo de contenido |
txt |
| Fuente |
rdacontent |
| 337 ## - TIPO DE MEDIO |
| Nombre/término del tipo de medio |
sin mediación |
| Código del tipo de medio |
n |
| Fuente |
rdamedia |
| 338 ## - TIPO DE SOPORTE |
| Nombre/término del tipo de soporte |
volumen |
| Código del tipo de soporte |
nc |
| Fuente |
rdacarrier |
| 362 ## - FECHAS DE PUBLICACIÓN Y/O DESIGNACIÓN SECUENCIAL |
| Fecha de publicación y/o designación secuencial |
Volumen 25, 1969-1970. |
| 500 ## - NOTA GENERAL |
| Nota general |
Catalogación basada en los años combinados: Volumen 25, años 1969-1970, 1973-1974 y 1975-1976. |
| 650 ## - PUNTO DE ACCESO ADICIONAL DE MATERIA--TÉRMINO DE MATERIA |
| 9 (RLIN) |
48039 |
| Término de materia o nombre geográfico como elemento de entrada |
Accidentes de trabajo |
| Subdivisión geográfica |
República Dominicana |
| Subdivisión de forma |
Publicaciones periódicas |
| Subdivisión general |
Estadísticas |
| 942 ## - ELEMENTOS DE PUNTO DE ACCESO ADICIONAL (KOHA) |
| Tipo de ítem Koha |
Publicación periódica |
| Fuente del sistema de clasificación o colocación |
Dewey Decimal Classification |